000 01059nam a2200265Ia 4500
003 OSt
005 20221005113520.0
006 a|||||r|||| 00| 0
007 ta
008 221004b |||||||| |||| 00| 0 pan d
020 _c100
024 _a116934
037 _b617, 23/02/2012, H.K. Prakashan
_cTextual
040 _aCRL
_cCRL
_bpan
041 _2pan
_apan
082 _aO157,1M61x, 153Q0.9
100 _aਟੈਗੋਰ, ਰਬਿੰਦਰ ਨਾਥl ਅਰੁਣ, ਵਿਦਆ ਭਾਸਕਰ, ਥਦ।
_9624532
245 0 _aਸੁਨਹਿਰੀ ਬੇੜੀ
260 _aਲੁਧਿਆਣਾ਼
_bਪੰਜਾਬੀ ਸਾਹਿਤ ਅਕਾਦਮੀ ਭਾਰਤ
_c2010
300 _a84ਪੰ
_ccm.
490 _aਟੈਗੋਰ ਰਚਨਾਵਲੀ
650 _aਬੰਗਾਲੀ ਸਾਹਿਤ
942 _hO157,1M61x, 153Q0.9
_cTEXL
_2cc
999 _c1028432
_d1028432